Normal view
MARC view
- Ishida, Sarah
Entry Personal Name
001 - CONTROL NUMBER
- control field: 94243
003 - CONTROL NUMBER IDENTIFIER
- control field: NUST
005 - DATE AND TIME OF LATEST TRANSACTION
- control field: 20220721100313.0
008 - FIXED-LENGTH DATA ELEMENTS
- fixed length control field: 220721|| aca||aabn | a|a d
040 ## - CATALOGING SOURCE
- Original cataloging agency: NUST
- Transcribing agency: NUST
100 ## - HEADING--PERSONAL NAME
- Personal name: Ishida, Sarah
670 ## - SOURCE DATA FOUND
- Source citation: Work cat.: (NUST)179478: Freed, Les. 94241, The history of computers / , c1995.
